Encyclopaedic dictionary of mathematics (Record no. 61156)
[ view plain ]
| 000 -LEADER | |
|---|---|
| fixed length control field | 00753nam a22001817a 4500 |
| 003 - CONTROL NUMBER IDENTIFIER | |
| control field | NUST-PNEC |
| 005 - DATE AND TIME OF LATEST TRANSACTION | |
| control field | 20170116180716.0 |
| 008 - FIXED-LENGTH DATA ELEMENTS--GENERAL INFORMATION | |
| fixed length control field | 141018b xxu||||| |||| 00| 0 eng d |
| 020 ## - INTERNATIONAL STANDARD BOOK NUMBER | |
| International Standard Book Number | 8182741637 |
| 040 ## - CATALOGING SOURCE | |
| Transcribing agency | PNEC |
| 082 ## - DEWEY DECIMAL CLASSIFICATION NUMBER | |
| Classification number | 510.3 CHR |
| 100 ## - MAIN ENTRY--PERSONAL NAME | |
| 9 (RLIN) | 689 |
| Personal name | Christopher Mont |
| 245 ## - TITLE STATEMENT | |
| Title | Encyclopaedic dictionary of mathematics |
| Statement of responsibility, etc. | Mont Christopher |
| 260 ## - PUBLICATION, DISTRIBUTION, ETC. | |
| Place of publication, distribution, etc. | New Delhi : |
| Name of publisher, distributor, etc. | Pentagon press, |
| Date of publication, distribution, etc. | c.2004. |
| 300 ## - PHYSICAL DESCRIPTION | |
| Extent | 200 p. : |
| Other physical details | jaquette ill. en coul. ; |
| Dimensions | 23 cm. |
| 500 ## - GENERAL NOTE | |
| General note | https://www.worldcat.org/title/encyclopaedic-dictionary-of-mathematics/oclc/494055419&referer=brief_results http://www.amazon.com/Encyclopaedic-Dictionaries-Mathematics/dp/8182741637/ref=sr_1_1?s=books&ie=UTF8&qid=1413628915&sr=1-1&keywords=8182741637 |
| 942 ## - ADDED ENTRY ELEMENTS (KOHA) | |
| Source of classification or shelving scheme | |
| Koha item type | Book |
| Withdrawn status | Lost status | Source of classification or shelving scheme | Damaged status | Not for loan | Permanent Location | Current Location | Shelving location | Date acquired | Source of acquisition | Cost, normal purchase price | Total Checkouts | Full call number | Barcode | Date last seen | Cost, replacement price | Price effective from | Koha item type |
|---|---|---|---|---|---|---|---|---|---|---|---|---|---|---|---|---|---|
| Pakistan Navy Engineering College (PNEC) | Pakistan Navy Engineering College (PNEC) | Reference | 06/17/2005 | Vangaurd Books | 620.00 | 510.3 CHR | PNECLIB-026839 | 10/18/2014 | 620.00 | 06/17/2005 | Book |
